000 00617nam a2200205Ia 4500
005 20250508160958.0
008 008 250505s9999 xx 000 0 eng d
037 _aTextBook
040 _aFEDL
_beng
_cFEDL
041 _aeng
_2eng
084 _a370.9, UNE
_qFEDL
245 0 _aEducation on the move
245 0 _cUnited Nations Educational Scientific and Cultural Organisation
260 _aParis
_bUnited Nations Education, Scientific and Cultural Organization
_c1975
300 _axi,307p
365 _aINR
_b25
650 _aEducation
942 _cTB
_h370.9, UNE
999 _c1367731
_d1367731